Rebalancing of Investment Portfolios of Insurers under Solvency II

Investičná politika poisťovní ako veľmi dôležitá oblasť v súčasnom prostredí nového systému Solvency II. Smernica zavádza novú metódu merania a riadenia všetkých rizík, ktoré ovplyvňujú činnosť poisťovacích spoločností. Analýza a vyčíslenie rozdielov v návratnosti očistených o riziko, ktoré vyplýva...

Descrizione completa

Salvato in:
Dettagli Bibliografici
Autore principale: Majtánová, Anna
Altri autori: Marcinech, Patrik
Natura: Capitolo di libro
Lingua:inglese
Soggetti:
Tags: Aggiungi Tag
Nessun Tag, puoi essere il primo ad aggiungerne!!

MARC

LEADER 00000naa a2200000 4500
001 0229517
005 20240502073758.1
041 0 |a eng 
044 |a SK 
245 1 0 |a Rebalancing of Investment Portfolios of Insurers under Solvency II  |c Anna Majtánová, Patrik Marcinech 
520 |a Investičná politika poisťovní ako veľmi dôležitá oblasť v súčasnom prostredí nového systému Solvency II. Smernica zavádza novú metódu merania a riadenia všetkých rizík, ktoré ovplyvňujú činnosť poisťovacích spoločností. Analýza a vyčíslenie rozdielov v návratnosti očistených o riziko, ktoré vyplýva z investícií do vybraných majetkových kategórií a zvyšovania efektívnosti portfólií. 
610 2 0 |a stratégia investičná 
610 2 0 |a riziko trhové 
610 2 0 |a riziko poistné 
610 2 0 |a riadenie rizík 
610 2 0 |a portfólio 
610 2 0 |a trh poistný 
100 1 |a Majtánová, Anna 
700 1 |a Marcinech, Patrik